The Americas Geography by Letter - P - Statistics

General Stats
  • This quiz has been taken 913 times
  • The average score is 11 of 20
Answer Stats
Hint Answer % Correct
Home of Machu Picchu (Country) Peru
95%
Canal that Connects the Atlantic Ocean to the Pacific Ocean. Panama Canal
90%
Largest City in Oregon Portland
88%
"The City of Brotherly Love" Philadelphia
87%
Official language of Brazil Portuguese
87%
Birthplace of the U.S. Constitution and Declaration of Independence (State) Pennsylvania
86%
Capital and Largest City of Haiti Port-au-Prince
84%
Most populated U.S. Territory Puerto Rico
82%
"The Steel City" Pittsburgh
79%
Washington D.C. is Situated on this (River) Potomac
78%
Canadian Maritime Province Prince Edward Island
50%
The Taos, Acoma, Zuni, and Hopi of New Mexico and Arizona Live in Towns Called Pueblos
36%
Westernmost City in the Florida Panhandle Pensacola
29%
Michigan City Named After an Ottawa War Chief Pontiac
21%
City on the Eastern Tip of the Dominican Republic Punta Cana
20%
Brazilian State home to Belém and the Amazon Rainforest. Pará
19%
Mexican Beach Resort City on the Bahía de Banderas Puerto Vallarta
15%
Ontario’s Largest and Most Northerly Provincial Park (Names for an Animal Resident) Polar Bear Provincial Park
13%
The Most Widely Spoken Language on the ABC Islands Papiamento
7%
Major, Northern British Columbian Seaport Prince Rupert
7%
No matching quizzes found
Score Distribution
Percent of People with Each Score
Percentile by Number Answered
Your Score History
You have not taken this quiz